00685pam a2200229 i 45000010008000000030006000080050017000140080041000310100017000720200024000890400018001130500019001310820021001501000022001712450053001932600054002463000029003004400042003295040053003716500019004246500012004433717860GBCCL20241126110330.0801106s1981 miua b 000 0 eng  a 80027050  a0310431018 :c$8.95 aDLCcDLCdDLC00aBV652.25b.P4700a266.001219bPET1 aPeters, George W.12aA theology of church growth /cGeorge W. Peters. aGrand Rapids, MI :bZondervan Pub. House,cc1981. a283 p. :bill. ;c20 cm. 0aContemporary evangelical perspectives aIncludes bibliographical references and indexes. 0aChurch growth. 0aChurch.